| Tag |
First Indicator |
Second Indicator |
Subfields |
| LEADER |
00000cam a22000001a 4500 |
| 001 |
in00002937613 |
| 005 |
20190401172243.0 |
| 006 |
m o d |
| 007 |
cr un mmmapmmp |
| 008 |
060828s1874 dcu o f000 0 eng d |
| 035 |
|
|
|a cis2004007850
|
| 040 |
|
|
|a UMI
|c UMI
|d UtOrBLW
|
| 043 |
|
|
|a n-us---
|
| 099 |
|
|
|a ProQuest Serial Set Number 1580 S.exdoc.23/1
|
| 110 |
1 |
|
|a United States.
|b Congress.
|b Senate.
|b Committee on Printing.
|
| 245 |
1 |
0 |
|a Letter from the Secretary of the Treasury, communicating, in compliance with a Senate resolution of March 11, 1873, information in relation to the space allotted to each steerage-immigrant on board ship.
|
| 246 |
1 |
|
|a Steerage-passengers on emigrant-vessels, letter of transmittal; Space allotted to each steerage immigrant on board ship
|
| 264 |
|
1 |
|a Washington :
|b [publisher not identified],
|c 1874.
|
| 300 |
|
|
|a 1 online resource.
|
| 336 |
|
|
|a text
|b txt
|2 rdacontent
|
| 337 |
|
|
|a computer
|b c
|2 rdamedia
|
| 338 |
|
|
|a online resource
|b cr
|2 rdacarrier
|
| 490 |
0 |
|
|a S.exdoc.23/1
|
| 500 |
|
|
|a Record is based on bibliographic data in ProQuest U.S. Serial Set Digital Collection (last viewed Oct. 2006). Reuse except for individual research requires license from ProQuest, LLC.
|
| 510 |
3 |
|
|a ProQuest U.S. Serial Set Digital Collection
|
| 500 |
|
|
|a Electronic resource.
|
| 650 |
|
0 |
|a Emigration and immigration.
|
| 650 |
|
0 |
|a Passenger ships.
|
| 650 |
|
0 |
|a Ships.
|
| 655 |
|
7 |
|a Electronic books.
|2 local
|
| 710 |
2 |
|
|a ProQuest (Firm)
|
| 830 |
|
0 |
|a United States congressional serial set.
|
| 856 |
4 |
0 |
|u http://proxy.library.tamu.edu/login?url=http://congressional.proquest.com/congcomp/getdoc?SERIAL-SET-ID=1580+S.exdoc.23/1
|z Connect to the full text of this electronic book
|t 0
|
| 999 |
|
|
|a MARS
|
| 999 |
f |
f |
|s 66ab529c-d9fb-3365-850b-095fc30f3658
|i b4697b1c-da80-3cd3-ad6d-00cfd346358c
|t 0
|
| 952 |
f |
f |
|a Texas A&M University
|b College Station
|c Electronic Resources
|d Available Online
|t 0
|e ProQuest Serial Set Number 1580 S.exdoc.23/1
|h Other scheme
|
| 998 |
f |
f |
|a ProQuest Serial Set Number 1580 S.exdoc.23/1
|t 0
|l Available Online
|